000 00802pam a2200241 a 4500
001 1108764
005 20180308033216.0
008 931103s1994 ilu b 001 0 eng
010 _a 93043845
020 _a0226675459 (pbk. : alk. paper)
040 _aDLC
_cDLC
_dDLC
041 _aeng
043 _an-us---
080 _a324.973 sam
082 0 0 _a324.973 sam
_220
100 1 _a23
101 _apol
245 1 4 _aThe reasoning voter :
_cSamuel L. Popkin.
504 _aIncludes bibliographical references (p. 293-312) and index.
906 _a7
_bcbc
_corignew
_d1
_eocip
_f19
_gy-gencatlg
942 _2ddc
_cBK
999 _c44372
_d44372